<?xml version="1.0" encoding="UTF-8"?>
<record
    xmlns:xsi="http://www.w3.org/2001/XMLSchema-instance"
    xsi:schemaLocation="http://www.loc.gov/MARC21/slim http://www.loc.gov/standards/marcxml/schema/MARC21slim.xsd"
    xmlns="http://www.loc.gov/MARC21/slim">

  <leader>01579nam a22004097a 4500</leader>
  <datafield tag="952" ind1=" " ind2=" ">
    <subfield code="a">0001</subfield>
    <subfield code="b">0001</subfield>
    <subfield code="d">2024-03-20</subfield>
    <subfield code="h">c.1</subfield>
    <subfield code="l">0</subfield>
    <subfield code="o">891.7 &#xDC;52b 2002</subfield>
    <subfield code="p">21616</subfield>
    <subfield code="r">2024-03-20 00:00:00</subfield>
    <subfield code="t">c.1</subfield>
    <subfield code="w">2024-03-20</subfield>
    <subfield code="y">BKS</subfield>
  </datafield>
  <datafield tag="952" ind1=" " ind2=" ">
    <subfield code="a">0001</subfield>
    <subfield code="b">0001</subfield>
    <subfield code="d">2024-03-20</subfield>
    <subfield code="h">c.2</subfield>
    <subfield code="l">0</subfield>
    <subfield code="o">891.7 &#xDC;52b 2002</subfield>
    <subfield code="p">21617</subfield>
    <subfield code="r">2024-03-20 00:00:00</subfield>
    <subfield code="t">c.2</subfield>
    <subfield code="w">2024-03-20</subfield>
    <subfield code="y">BKS</subfield>
  </datafield>
  <datafield tag="952" ind1=" " ind2=" ">
    <subfield code="a">0001</subfield>
    <subfield code="b">0001</subfield>
    <subfield code="d">2024-03-20</subfield>
    <subfield code="h">c.3</subfield>
    <subfield code="l">0</subfield>
    <subfield code="o">891.7 &#xDC;52b 2002</subfield>
    <subfield code="p">21618</subfield>
    <subfield code="r">2024-03-20 00:00:00</subfield>
    <subfield code="t">c.3</subfield>
    <subfield code="w">2024-03-20</subfield>
    <subfield code="y">BKS</subfield>
  </datafield>
  <datafield tag="952" ind1=" " ind2=" ">
    <subfield code="a">0001</subfield>
    <subfield code="b">0001</subfield>
    <subfield code="d">2024-03-20</subfield>
    <subfield code="h">c.4</subfield>
    <subfield code="l">0</subfield>
    <subfield code="o">891.7 &#xDC;52b 2002</subfield>
    <subfield code="p">21619</subfield>
    <subfield code="r">2024-03-20 00:00:00</subfield>
    <subfield code="t">c.4</subfield>
    <subfield code="w">2024-03-20</subfield>
    <subfield code="y">BKS</subfield>
  </datafield>
  <datafield tag="952" ind1=" " ind2=" ">
    <subfield code="a">0001</subfield>
    <subfield code="b">0001</subfield>
    <subfield code="d">2024-03-20</subfield>
    <subfield code="h">c.5</subfield>
    <subfield code="l">0</subfield>
    <subfield code="o">891.7 &#xDC;52b 2002</subfield>
    <subfield code="p">21620</subfield>
    <subfield code="r">2024-03-20 00:00:00</subfield>
    <subfield code="t">c.5</subfield>
    <subfield code="w">2024-03-20</subfield>
    <subfield code="y">BKS</subfield>
  </datafield>
  <datafield tag="952" ind1=" " ind2=" ">
    <subfield code="a">0001</subfield>
    <subfield code="b">0001</subfield>
    <subfield code="d">2024-03-20</subfield>
    <subfield code="h">c.6</subfield>
    <subfield code="l">0</subfield>
    <subfield code="o">891.7 &#xDC;52b 2002</subfield>
    <subfield code="p">21621</subfield>
    <subfield code="r">2024-03-20 00:00:00</subfield>
    <subfield code="t">c.6</subfield>
    <subfield code="w">2024-03-20</subfield>
    <subfield code="y">BKS</subfield>
  </datafield>
  <datafield tag="952" ind1=" " ind2=" ">
    <subfield code="a">0001</subfield>
    <subfield code="b">0001</subfield>
    <subfield code="d">2024-03-20</subfield>
    <subfield code="h">c.7</subfield>
    <subfield code="l">0</subfield>
    <subfield code="o">891.7 &#xDC;52b 2002</subfield>
    <subfield code="p">21622</subfield>
    <subfield code="r">2024-03-20 00:00:00</subfield>
    <subfield code="t">c.7</subfield>
    <subfield code="w">2024-03-20</subfield>
    <subfield code="y">BKS</subfield>
  </datafield>
  <datafield tag="952" ind1=" " ind2=" ">
    <subfield code="a">0001</subfield>
    <subfield code="b">0001</subfield>
    <subfield code="d">2024-03-20</subfield>
    <subfield code="h">c.8</subfield>
    <subfield code="l">0</subfield>
    <subfield code="o">891.7 &#xDC;52b 2002</subfield>
    <subfield code="p">21623</subfield>
    <subfield code="r">2024-03-20 00:00:00</subfield>
    <subfield code="t">c.8</subfield>
    <subfield code="w">2024-03-20</subfield>
    <subfield code="y">BKS</subfield>
  </datafield>
  <datafield tag="952" ind1=" " ind2=" ">
    <subfield code="a">0001</subfield>
    <subfield code="b">0001</subfield>
    <subfield code="d">2024-03-20</subfield>
    <subfield code="h">c.9</subfield>
    <subfield code="l">0</subfield>
    <subfield code="o">891.7 &#xDC;52b 2002</subfield>
    <subfield code="p">21624</subfield>
    <subfield code="r">2024-03-20 00:00:00</subfield>
    <subfield code="t">c.9</subfield>
    <subfield code="w">2024-03-20</subfield>
    <subfield code="y">BKS</subfield>
  </datafield>
  <datafield tag="952" ind1=" " ind2=" ">
    <subfield code="a">0001</subfield>
    <subfield code="b">0001</subfield>
    <subfield code="d">2024-03-20</subfield>
    <subfield code="h">c.10</subfield>
    <subfield code="l">0</subfield>
    <subfield code="o">891.7 &#xDC;52b 2002</subfield>
    <subfield code="p">21625</subfield>
    <subfield code="r">2024-03-20 00:00:00</subfield>
    <subfield code="t">c.10</subfield>
    <subfield code="w">2024-03-20</subfield>
    <subfield code="y">BKS</subfield>
  </datafield>
  <datafield tag="952" ind1=" " ind2=" ">
    <subfield code="a">0001</subfield>
    <subfield code="b">0001</subfield>
    <subfield code="d">2024-03-20</subfield>
    <subfield code="h">c.11</subfield>
    <subfield code="l">0</subfield>
    <subfield code="o">891.7 &#xDC;52b 2002</subfield>
    <subfield code="p">21626</subfield>
    <subfield code="r">2024-03-20 00:00:00</subfield>
    <subfield code="t">c.11</subfield>
    <subfield code="w">2024-03-20</subfield>
    <subfield code="y">BKS</subfield>
  </datafield>
  <datafield tag="952" ind1=" " ind2=" ">
    <subfield code="a">0001</subfield>
    <subfield code="b">0001</subfield>
    <subfield code="d">2024-03-20</subfield>
    <subfield code="h">c.12</subfield>
    <subfield code="l">0</subfield>
    <subfield code="o">891.7 &#xDC;52b 2002</subfield>
    <subfield code="p">21627</subfield>
    <subfield code="r">2024-03-20 00:00:00</subfield>
    <subfield code="t">c.12</subfield>
    <subfield code="w">2024-03-20</subfield>
    <subfield code="y">BKS</subfield>
  </datafield>
  <datafield tag="952" ind1=" " ind2=" ">
    <subfield code="a">0001</subfield>
    <subfield code="b">0001</subfield>
    <subfield code="d">2024-03-20</subfield>
    <subfield code="h">c.13</subfield>
    <subfield code="l">0</subfield>
    <subfield code="o">891.7 &#xDC;52b 2002</subfield>
    <subfield code="p">21628</subfield>
    <subfield code="r">2024-03-20 00:00:00</subfield>
    <subfield code="t">c.13</subfield>
    <subfield code="w">2024-03-20</subfield>
    <subfield code="y">BKS</subfield>
  </datafield>
  <datafield tag="952" ind1=" " ind2=" ">
    <subfield code="a">0001</subfield>
    <subfield code="b">0001</subfield>
    <subfield code="d">2024-03-20</subfield>
    <subfield code="h">c.14</subfield>
    <subfield code="l">0</subfield>
    <subfield code="o">891.7 &#xDC;52b 2002</subfield>
    <subfield code="p">21629</subfield>
    <subfield code="r">2024-03-20 00:00:00</subfield>
    <subfield code="t">c.14</subfield>
    <subfield code="w">2024-03-20</subfield>
    <subfield code="y">BKS</subfield>
  </datafield>
  <datafield tag="999" ind1=" " ind2=" ">
    <subfield code="c">15697</subfield>
    <subfield code="d">15697</subfield>
  </datafield>
  <controlfield tag="003">MIRAKIL</controlfield>
  <controlfield tag="005">20240320170608.0</controlfield>
  <controlfield tag="008">240320b        tu ||||| |||| 00| 0 tur d</controlfield>
  <datafield tag="020" ind1=" " ind2=" ">
    <subfield code="a">9751615070 (Tk.)</subfield>
  </datafield>
  <datafield tag="020" ind1=" " ind2=" ">
    <subfield code="a">9751615089 (1.c.) :</subfield>
  </datafield>
  <datafield tag="020" ind1=" " ind2=" ">
    <subfield code="a">9751615097 (2.c.) :</subfield>
  </datafield>
  <datafield tag="020" ind1=" " ind2=" ">
    <subfield code="a">9751615100 (3.c.) :</subfield>
  </datafield>
  <datafield tag="020" ind1=" " ind2=" ">
    <subfield code="a">9751615119 (4.c.) :</subfield>
  </datafield>
  <datafield tag="020" ind1=" " ind2=" ">
    <subfield code="a">9751615127 (5.c.) :</subfield>
  </datafield>
  <datafield tag="020" ind1=" " ind2=" ">
    <subfield code="a">9751615135 (6.c.) :</subfield>
  </datafield>
  <datafield tag="020" ind1=" " ind2=" ">
    <subfield code="a">9751615143 (7.c.) :</subfield>
  </datafield>
  <datafield tag="020" ind1=" " ind2=" ">
    <subfield code="a">9751615151 (8.c.) :</subfield>
  </datafield>
  <datafield tag="020" ind1=" " ind2=" ">
    <subfield code="a">975161516X (9.c.) :</subfield>
  </datafield>
  <datafield tag="020" ind1=" " ind2=" ">
    <subfield code="a">9751615178 (10.c.) :</subfield>
  </datafield>
  <datafield tag="020" ind1=" " ind2=" ">
    <subfield code="a">9751615186 (11.c.) :</subfield>
  </datafield>
  <datafield tag="020" ind1=" " ind2=" ">
    <subfield code="a">9751615194 (12.c.) :</subfield>
  </datafield>
  <datafield tag="020" ind1=" " ind2=" ">
    <subfield code="a">9751615208 (13.c.) :</subfield>
  </datafield>
  <datafield tag="020" ind1=" " ind2=" ">
    <subfield code="a">9751615216 (14.c.) :</subfield>
  </datafield>
  <datafield tag="040" ind1=" " ind2=" ">
    <subfield code="a">TR-AnCHP</subfield>
    <subfield code="c">TR-AnCHP</subfield>
  </datafield>
  <datafield tag="041" ind1=" " ind2=" ">
    <subfield code="a">tur</subfield>
  </datafield>
  <datafield tag="082" ind1=" " ind2=" ">
    <subfield code="a">891.7</subfield>
    <subfield code="b">&#xDC;52b 2002</subfield>
  </datafield>
  <datafield tag="100" ind1="1" ind2=" ">
    <subfield code="a">&#xDC;nayd&#x131;n, Ru&#x15F;en E&#x15F;ref</subfield>
    <subfield code="d">1892-1959</subfield>
  </datafield>
  <datafield tag="245" ind1="1" ind2="0">
    <subfield code="a">B&#xFC;t&#xFC;n eserleri /</subfield>
    <subfield code="c">Ru&#x15F;en E&#x15F;ref &#xDC;nayd&#x131;n ; haz&#x131;rlayanlar: Necat Birinci, Nuri Sa&#x11F;lam</subfield>
  </datafield>
  <datafield tag="260" ind1=" " ind2=" ">
    <subfield code="a">Ankara :</subfield>
    <subfield code="b">T&#xFC;rk Dil Kurumu,</subfield>
    <subfield code="c">2002</subfield>
  </datafield>
  <datafield tag="300" ind1=" " ind2=" ">
    <subfield code="a">14 c. ;</subfield>
    <subfield code="c">14 cm.</subfield>
  </datafield>
  <datafield tag="490" ind1="0" ind2=" ">
    <subfield code="a">Atat&#xFC;rk K&#xFC;lt&#xFC;r, Dil ve Tarih Y&#xFC;ksek Kurumu T&#xFC;rk Dil Kurumu yay&#x131;nlar&#x131; ;</subfield>
    <subfield code="v">792/I-XIV.</subfield>
  </datafield>
  <datafield tag="490" ind1="0" ind2=" ">
    <subfield code="a">Yeni T&#xFC;rk edebiyat&#x131; kaynak metinleri dizisi ;</subfield>
    <subfield code="v">4.</subfield>
  </datafield>
  <datafield tag="500" ind1=" " ind2=" ">
    <subfield code="a">&#x130;&#xE7;indekiler: 1.-2.c.: R&#xF6;portajlar - 3.-6.c.: Hat&#x131;ralar - 7.c.: Milli m&#xFC;cadele - 8.c.: Hik&#xE2;yeler-mensur &#x15F;iirler &#xE7;ocuk &#x15F;iirleri - 9.-12. c.: Terc&#xFC;meler - 13.-14. c.: Dergi ve gazete yaz&#x131;lar&#x131;</subfield>
  </datafield>
  <datafield tag="650" ind1=" " ind2="0">
    <subfield code="9">19</subfield>
    <subfield code="a">T&#xFC;rk edebiyat&#x131;</subfield>
  </datafield>
  <datafield tag="856" ind1=" " ind2=" ">
    <subfield code="z">Dijital N&#xFC;shas&#x131; i&#xE7;in Partimizin K&#xFC;t&#xFC;phane Sorumlusu ile ileti&#x15F;ime ge&#xE7;iniz.</subfield>
  </datafield>
  <datafield tag="942" ind1=" " ind2=" ">
    <subfield code="2">ddc</subfield>
    <subfield code="c">BKS</subfield>
  </datafield>
</record>
